00459nam a2200157Ia 4500008004100000040001900041041001200060082002400072100002100096245005100117260004800168300002600216504001900242650002200261850001800283131103s9999 xx 000 0 und d aLoreto College aEnglish a740/PURbLCBED/8879 aPurschke,Hans R. 4aThe Puppet theatre in GermanycHans R.Purschke a[s.l.]bNeue Darmstadter Verlognstattc1957 a42 p.b ill.c 22 cm. aIncludes index aTheater - Germany aLCBED/740/PUR